| 000 | 01030nam a2200253 i 4500 | ||
|---|---|---|---|
| 001 | 107854 | ||
| 003 | ES-MaACL | ||
| 005 | 20230906184517.0 | ||
| 007 | t| | ||
| 008 | 061121m19651966sp r ||||1| spa d | ||
| 100 | 1 |
_aMounic, Marcel. _983873 |
|
| 245 | 1 | 0 |
_aCurso de electrónica / _cpor M. Mounic; traducción por Ramón Recio Ciuró, Manuel Puigbó Rocafort. |
| 250 | _a1ª. ed. | ||
| 260 |
_aBarcelona : _bJosé Montesó, _c1965-1966. |
||
| 300 |
_a4 v. ; _c22 cm. |
||
| 490 | 1 | _aBiblioteca de electrónica | |
| 505 | 8 | _aContiene: V. 1. Física electrónica. Tubos de vacío y tubos con gas -- v. 3. Transistores, tiristores -- v. 4. Corrientes periódicas, rectificación, mando por reja y por ignitor -- v. 5. soluciones de los problemas planteados en el tomo 4º. | |
| 650 | 4 |
_aElectrónica. _912165 |
|
| 700 | 1 |
_aRecio Ciuró, Ramón. _995769 |
|
| 700 | 1 |
_aPuigbó Rocafort, Manuel. _994290 |
|
| 830 | 0 |
_aBiblioteca de electrónica _9186415 |
|
| 852 |
_aES-MaACL _jP-869-bis _bR.60265 |
||
| 999 |
_c107854 _d107854 |
||